[Event "Challenge"]
[Site "http://www.queenalice.com/game.php?id=298624"]
[Date "2007.11.5"]
[Round "-"]
[White "GabrielFMayer"]
[Black "Morgause"]
[Result "0-1"]
[WhiteElo "1351"]
[BlackElo "921"]

1. e4 e5 2. Ne2 d6 3. g3 Bd7 4. Bg2 Be7 5. O-O Nf6 6. d3 Nc6 7. Nbc3 b6 8. b3 h6
9. Nd5 Nxd5 10. exd5 Nb8 11. Bb2 O-O 12. c4 Bg5 13. h4 Bf6 14. Nc3 c5 15. f4
exf4 0-1

[Event "Challenge"]
[Site "http://www.queenalice.com/game.php?id=299044"]
[Date "2007.11.6"]
[Round "-"]
[White "GabrielFMayer"]
[Black "mariane"]
[Result "1-0"]
[WhiteElo "1100"]
[BlackElo "1147"]

1. e4 e6 2. Ne2 Nf6 3. d3 Be7 4. g3 O-O 5. Bg2 Nc6 6. O-O d6 7. c3 Bd7 8. d4 Rc8
9. f4 Qe8 10. e5 dxe5 11. dxe5 Nd5 12. f5 Nb6 13. b4 Nd5 14. b5 Na5 15. Na3 Rd8
16. c4 Nb6 17. Nd4 Bc5 18. Kh1 Bc6 19. Bxc6 Nxc6 20. bxc6 bxc6 21. Nb3 Be7 22.
Bd2 c5 23. Qg4 Nd5 24. cxd5 exd5 25. Bh6 c4 26. Qxg7# 1-0

[Event "AUTO-OPEN-894"]
[Site "http://www.queenalice.com/game.php?id=300419"]
[Date "2007.11.8"]
[Round "1"]
[White "juliocesarbraga"]
[Black "GabrielFMayer"]
[Result "0-1"]
[WhiteElo "1502"]
[BlackElo "1348"]

1. e4 e5 2. Nf3 d6 3. Bc4 Nf6 4. Ng5 Be6 5. Bxe6 fxe6 6. Nxe6 Qe7 7. Ng5 Nc6 8.
d3 O-O-O 9. O-O h6 10. Nf3 Ng4 11. h3 Nf6 12. Nc3 g5 13. Be3 Nh5 14. Qd2 Qd7 15.
a4 Nf6 16. Nd5 Nh5 17. b4 g4 18. hxg4 Nf4 19. Bxf4 exf4 20. Qxf4 Bg7 21. Rab1
Rhf8 22. Qe3 Qxg4 23. b5 Na5 24. Ne7+ Kd7 25. Nd5 Rg8 26. Nf4 Be5 27. Nxe5+ dxe5
28. Qh3 exf4 29. Qxg4+ Rxg4 30. f3 Rg3 31. d4 Nc4 32. Rbc1 Ne3 33. Rf2 Rdg8 34.
c3 Rxg2+ 35. Rxg2 Rxg2+ 36. Kh1 Rf2 37. Kg1 Rxf3 38. c4 Rg3+ 39. Kf2 Ng4+ 40.
Ke2 f3+ 0-1

[Event "AUTO-OPEN-894"]
[Site "http://www.queenalice.com/game.php?id=300420"]
[Date "2007.11.8"]
[Round "1"]
[White "GabrielFMayer"]
[Black "juliocesarbraga"]
[Result "0-1"]
[WhiteElo "1363"]
[BlackElo "1489"]

1. e4 e5 2. Ne2 Nf6 3. Nbc3 Bc5 4. f4 exf4 5. Nxf4 O-O 6. e5 Ne8 7. Na4 Qh4+ 8.
g3 Qe7 9. Nd5 Qxe5+ 10. Ne3 Bxe3 11. dxe3 Qe4 12. Rg1 Qxa4 13. b3 Qe4 14. Bg2
Qe7 15. Bb2 Qxe3+ 16. Kf1 f5 17. Bd4 Qe7 18. Bd5+ Kh8 19. Kg2 f4 20. Re1 Qg5 21.
Re5 Qg6 22. Be4 Qh6 23. Qf3 Nd6 24. Bc5 Nc6 25. Rh5 Qe6 26. Bd5 Qg6 27. g4 Ne5
28. Qf2 Qxg4+ 29. Kf1 Qxh5 0-1

[Event "AUTO-OPEN-894"]
[Site "http://www.queenalice.com/game.php?id=300437"]
[Date "2007.11.8"]
[Round "1"]
[White "GabrielFMayer"]
[Black "juliux"]
[Result "0-1"]
[WhiteElo "1348"]
[BlackElo "1779"]

1. d4 d5 2. Bf4 Nc6 3. g3 Bf5 4. Bg2 e6 5. Nf3 Nf6 6. O-O Bd6 7. Bxd6 cxd6 8.
Nc3 O-O 9. Nh4 Bg6 10. Nxg6 fxg6 11. Qd2 e5 12. Bxd5+ Nxd5 13. Nxd5 exd4 14. Qd3
Rf5 15. Qc4 Kh8 16. g4 Qg5 17. f3 Rxd5 18. c3 Rf8 19. cxd4 Rxd4 20. Qe6 h5 21.
e3 Rd3 22. f4 Qxg4+ 23. Qxg4 hxg4 24. Rfe1 Re8 25. a3 Rexe3 26. Rf1 Rd2 27. Rf2
Rxf2 28. Kxf2 Rf3+ 29. Ke2 Rxf4 30. Rd1 Rd4 31. Rxd4 Nxd4+ 32. Kd3 Nf3 33. b4
Nxh2 34. Kd4 g5 35. Kd5 g3 36. Kxd6 g2 37. Kc7 g1=Q 38. Kxb7 Qa1 39. Kxa7 Qxa3+
40. Kb8 Qxb4+ 41. Kc8 Nf3 42. Kd7 Qb6 43. Ke7 g4 44. Kd7 Ne5+ 45. Kc8 Qc6+ 46.
Kd8 Qd7# 0-1

[Event "AUTO-OPEN-894"]
[Site "http://www.queenalice.com/game.php?id=300438"]
[Date "2007.11.8"]
[Round "1"]
[White "juliux"]
[Black "GabrielFMayer"]
[Result "1-0"]
[WhiteElo "1774"]
[BlackElo "1347"]

1. e4 Nc6 2. d4 e5 3. d5 Na5 4. Nf3 d6 5. b4 Bg4 6. bxa5 Bxf3 7. Qxf3 g6 8. Bb5+
Ke7 9. O-O Bg7 10. Bg5+ Bf6 11. Bxf6+ Nxf6 12. Qe2 a6 13. Ba4 b5 14. Bb3 Qc8 15.
f4 exf4 16. Rxf4 Nh5 17. Rf2 Re8 18. Qf3 Rf8 19. g4 Ng7 20. Qf6+ Kd7 21. Qxg7
Rg8 22. Qxf7+ 1-0

[Event "AUTO-BEG-155"]
[Site "http://www.queenalice.com/game.php?id=301361"]
[Date "2007.11.9"]
[Round "1"]
[White "rharshul"]
[Black "GabrielFMayer"]
[Result "1-0"]
[WhiteElo "1502"]
[BlackElo "1365"]

1. e4 e5 2. Nf3 Nc6 3. Bb5 Nd4 4. Nxd4 exd4 5. d3 g6 6. O-O Bg7 7. Bf4 Ne7 8.
Na3 O-O 9. h3 a6 10. Bc4 b5 11. Bb3 d5 12. exd5 Nxd5 13. Bg3 b4 14. Nc4 Nb6 15.
Nxb6 cxb6 16. a3 Qe8 17. Re1 Be6 18. Bxe6 fxe6 19. Re4 Rc8 20. axb4 e5 21. Qe1
Rf5 22. f4 h5 23. h4 Qe7 24. fxe5 Re8 25. e6 Bf6 26. Rxa6 Qb7 27. Ra3 b5 28. c4
1-0

[Event "AUTO-BEG-155"]
[Site "http://www.queenalice.com/game.php?id=301362"]
[Date "2007.11.9"]
[Round "1"]
[White "GabrielFMayer"]
[Black "rharshul"]
[Result "0-1"]
[WhiteElo "1381"]
[BlackElo "1490"]

1. e4 e5 2. Ne2 Nf6 3. Nbc3 Bb4 4. Nd5 Nxd5 5. exd5 d6 6. g3 Bg4 7. a3 Bc5 8. b4
Bb6 9. d4 Bxe2 10. Bxe2 O-O 11. O-O Bxd4 12. c3 Bb6 13. Bf3 Nd7 14. Bg2 h6 15.
Qg4 Nf6 16. Qf5 g6 17. Qh3 h5 18. a4 c5 19. Bh6 Re8 20. Bg5 cxb4 21. cxb4 a5 22.
b5 Rc8 23. Qh4 Qc7 24. Bxf6 Qd7 25. Bh3 Qc7 26. Bxc8 Rxc8 27. Qh3 Qb8 28. Be7
Qa7 0-1

[Event "AUTO-BEG-155"]
[Site "http://www.queenalice.com/game.php?id=301375"]
[Date "2007.11.9"]
[Round "1"]
[White "Red49"]
[Black "GabrielFMayer"]
[Result "0-1"]
[WhiteElo "1019"]
[BlackElo "1343"]

1. d4 d6 2. Nc3 e5 3. Nf3 Nd7 4. Bd2 g6 5. dxe5 dxe5 6. Bg5 f6 7. h4 fxg5 8.
Nxg5 h6 9. Rh3 hxg5 10. Rg3 Be7 11. Nd5 Bd6 12. c4 c6 13. Nf4 exf4 14. Rxg5 Nb6
15. Rc1 Bb4+ 16. Rc3 Bxc3+ 17. bxc3 Qxd1+ 18. Kxd1 Nxc4 19. Rxg6 Ne7 20. Re6
Bxe6 21. e4 O-O-O+ 22. Ke2 Rd2+ 23. Ke1 Rhd8 24. e5 b5 25. g4 fxg3 26. a4 gxf2#
0-1

[Event "AUTO-BEG-155"]
[Site "http://www.queenalice.com/game.php?id=301376"]
[Date "2007.11.9"]
[Round "1"]
[White "GabrielFMayer"]
[Black "Red49"]
[Result "0-1"]
[WhiteElo "1351"]
[BlackElo "1021"]

1. e4 Nf6 2. e5 e6 3. exf6 gxf6 4. Nf3 Rg8 5. d4 Rg4 6. Nc3 a5 7. g3 Ra6 8. Bxa6
bxa6 9. Nh4 c5 10. Qxg4 f5 11. Qd1 Nc6 12. Bf4 Bg7 13. Qe2 Bxd4 14. Nf3 a4 15.
Nxa4 Bf6 16. Be5 Bxe5 17. Nxe5 Nb4 18. a3 Nd5 19. c4 Nc7 20. Qh5 Qf6 21. f4 Qe7
22. Nb6 h6 23. Nxc8 Qd8 24. Nd6+ Ke7 25. Ndxf7 Qg8 26. Qh4+ Ke8 0-1

[Event "AUTO-BEG-155"]
[Site "http://www.queenalice.com/game.php?id=301383"]
[Date "2007.11.9"]
[Round "1"]
[White "diego_flavio14"]
[Black "GabrielFMayer"]
[Result "1-0"]
[WhiteElo "1589"]
[BlackElo "1347"]

1. d4 d6 2. e4 Qd7 3. Bc4 Nh6 4. Qf3 e6 5. Bxh6 gxh6 6. Nh3 b6 7. e5 d5 8. Bd3
Bb7 9. Nf4 Nc6 10. Nh5 O-O-O 11. Nf6 Qe7 12. c3 Nxd4 13. cxd4 Qb4+ 14. Nd2 Be7
15. Qe3 Qxb2 16. O-O Bb4 17. Nb3 Bc3 18. Bxh7 c5 19. Rfb1 Qxa1 20. Nxa1 Bxa1 21.
Rxa1 a5 22. dxc5 bxc5 23. Qxc5+ Kb8 24. Qb5 Rc8 25. Qb6 Rc6 26. Nd7+ Kc8 27. Qb5
Kxd7 28. Qxb7+ Rc7 29. Qb5+ Rc6 30. Rc1 Rc8 31. Rxc6 Rxc6 32. h3 Kc7 33. Qxa5+
Kb7 34. Bd3 Rc1+ 35. Kh2 1-0

[Event "AUTO-BEG-155"]
[Site "http://www.queenalice.com/game.php?id=301384"]
[Date "2007.11.9"]
[Round "1"]
[White "GabrielFMayer"]
[Black "diego_flavio14"]
[Result "0-1"]
[WhiteElo "1212"]
[BlackElo "1371"]

1. e4 e5 2. Ne2 b6 3. g3 Bb7 4. Bg2 Bc5 5. O-O Nf6 6. d3 O-O 7. Nbc3 Nc6 8. Bg5
Be7 9. Nd5 Nxd5 10. exd5 Bxg5 11. dxc6 dxc6 12. h4 Bf6 13. Nc3 Qe7 14. Be4 Qd6
15. b3 Rab8 16. Rc1 Be7 17. Qh5 g6 18. Qh6 Bf6 19. h5 Qe7 20. Kg2 Bg5 0-1